Powiaty województwa kujawsko-pomorskiego z mapą - Statystyki

Ogólne statystyki
  • Ten quiz został rozwiązany 32 188 razy
  • Średni wynik to 14 z 23
Odpowiedzi na mapie
Odpowiedzi zakodowano w zielono-czerwonej skali na mapie do tego quizu, zgodnie z poniższymi procentami.
 
Statystyki odpowiedzi
Powiaty % Poprawnych
Toruń
99%
Bydgoszcz
96%
bydgoski
95%
toruński
93%
włocławski
82%
Włocławek
81%
Grudziądz
80%
grudziądzki
75%
inowrocławski
75%
aleksandrowski
52%
świecki
51%
tucholski
51%
brodnicki
49%
żniński
47%
chełmiński
45%
nakielski
44%
rypiński
41%
golubsko-dobrzyński
38%
mogileński
37%
lipnowski
35%
radziejowski
32%
sępoleński
32%
wąbrzeski
32%
Nie znaleziono quizów pasujących do podanych kryteriów
Rozkład punktacji
Procent ludzi z każdym wynikiem
Percentyl według liczby udzielonych odpowiedzi
Twoja historia wyników
Nie rozwiązałeś tego quizu